[Event "San Jose Santa Barbara qual"]
[Site "San Jose"]
[Date "2016.05.26"]
[Round "6.3"]
[White "Solis Gomez, Jose Alberto"]
[Black "Huertas Badilla, Allan"]
[Result "1-0"]
[WhiteElo "1816"]
[BlackElo "1766"]
[PlyCount "53"]
[EventDate "2016.04.21"]
[EventType "swiss"]
[EventRounds "7"]
[EventCountry "CRI"]
[SourceTitle "EXT 2024"]
[Source "ChessBase"]
[SourceDate "2023.10.10"]
[SourceVersion "1"]
[SourceVersionDate "2023.10.10"]
[SourceQuality "1"]

1. c4 Nf6 2. Nc3 g6 3. e4 d6 4. d4 Bg7 5. Be2 0-0 6. Be3 e5 7. d5 Na6 8. h4 Nc5 9. Qc2 b6 10. h5 Nxh5 11. Bxh5 gxh5 12. Rxh5 Qe8 13. Rh2 f5 14. f3 Qg6 15. 0-0-0 fxe4 16. fxe4 Qg3 17. Nf3 Bg4 18. Rdh1 h5 19. Ne2 Rxf3 20. Nxg3 Rxe3 21. Nxh5 Re2 22. Qc3 Bh6+ 23. Kb1 Nxe4 24. Nf6+ Nxf6 25. Rxh6 Bf5+ 26. Ka1 Kf7 27. Qf3 1-0

[Event "San Jose Santa Barbara qual"]
[Site "San Jose"]
[Date "2016.04.28"]
[Round "2.1"]
[White "Huertas Badilla, Allan"]
[Black "Gutierrez Soto, Gilberth"]
[Result "0-1"]
[WhiteElo "1766"]
[BlackElo "1945"]
[PlyCount "68"]
[EventDate "2016.04.21"]
[EventType "swiss"]
[EventRounds "7"]
[EventCountry "CRI"]
[SourceTitle "EXT 2024"]
[Source "ChessBase"]
[SourceDate "2023.10.10"]
[SourceVersion "1"]
[SourceVersionDate "2023.10.10"]
[SourceQuality "1"]

1. d4 Nf6 2. c4 g6 3. Nc3 d5 4. cxd5 Nxd5 5. e4 Nxc3 6. bxc3 Bg7 7. Nf3 c5 8. Be2 Nc6 9. d5 Ne5 10. Nxe5 Bxe5 11. Bd2 0-0 12. 0-0 e6 13. Qb3 exd5 14. exd5 a6 15. a4 Qc7 16. g3 Bh3 17. Rfe1 h5 18. Bf3 h4 19. Rxe5 Qxe5 20. Bf4 Qf6 21. Bg2 Bxg2 22. Kxg2 g5 23. Be3 h3+ 24. Kxh3 Qf3 25. Qc4 Kg7 26. Bxg5 Rh8+ 27. Bh4 Rxh4+ 28. Qxh4 Rh8 29. Qxh8+ Kxh8 30. d6 Qh5+ 31. Kg2 Qd5+ 32. Kg1 Qxd6 33. Rb1 Qd3 34. Re1 Qxc3 0-1